Novelas ejemplares : La gitanilla. El amante liberal. Rinconete y cortadillo. La española inglesa. El licenciado vidriera. La fuerza de la sangre. La tía fingida / Tomo I

Saved in:
Format: Book
Published: Buenos Aires : Sopena, 1950.
Edition:5a ed.
LEADER 00506nam a22001217a 4500
003 AR-BeUNQ
005 20190211184927.0
999 |c 30731  |d 114531 
245 |a Novelas ejemplares :  |b La gitanilla. El amante liberal. Rinconete y cortadillo. La española inglesa. El licenciado vidriera. La fuerza de la sangre. La tía fingida /  |c Miguel de Cervantes Saavedra.  |n Tomo I 
250 |a 5a ed. 
260 |a Buenos Aires :  |b Sopena,  |c 1950. 
929 |a DONACION  |b Guido S. Leocata  |d 95,00  |e 20181114  |f PAT0070853  |g 3427  |h 1  |o PR 
942 |c LIB  |n 1